000 00839nam a22001577a 4500
999 _c59604
_d59604
005 20230321173540.0
008 230321c2020 ge ||||| |||| 00| 0 geo d
022 _a1512-0481
041 _ageo
245 _aსაქართველოს უზენაესი სასამართლოს გადაწყვეტილებანი /
_b ადმინისტრაციულ საქმეებზე : [ყოველთვიური]. აღსრულება. სარჩელის უზრუნველყოფა.
260 _aთბილისი,
_c 2000-
300 _av.
653 _aსაქართველოს უზენაესი სასამართლოს გადაწყვეტილებანი
653 _aპერიოდიკა
942 _2udc
_cCR